Equipos Primera División Chile - Estadísticas

Estadísticas generales
  • Esta prueba ha sido intentada 527 veces
    82 desde el último reinicio
  • La puntuación promedio es 28 de 54
Estadísticas de respuestas
Equipo % Correcto
Colo Colo
97%
Universidad de Chile
93%
Universidad Católica
90%
Cobreloa
88%
Cobresal
86%
Palestino
84%
Unión Española
84%
Coquimbo Unido
81%
Audax Italiano
79%
Huachipato
78%
Deportes Iquique
77%
Universidad de Concepción
77%
Santiago Wanderers
75%
O'Higgins
74%
Deportes Concepción
73%
Everton
73%
Ñublense
73%
Unión La Calera
70%
Magallanes
67%
Rangers
66%
San Marcos
66%
Deportes Antofagasta
63%
Deportes Temuco
63%
Santiago Morning
63%
Deportes La Serena
60%
Deportes Limache
60%
Deportes Copiapó
58%
San Luis
58%
Unión San Felipe
58%
Curicó Unido
56%
Deportes Puerto Montt
56%
Fernández Vial
47%
Green Cross
45%
Barnechea
42%
Naval
41%
Lota Schwager
40%
Deportes Valdivia
38%
Provincial Osorno
36%
Iberia
33%
Deportes Melipilla
32%
Trasandino
26%
Deportes Ovalle
25%
Aviación
19%
Badminton
19%
Ferroviarios
19%
Ferrobádminton
16%
Regional Atacama
15%
Morning Star
11%
Santiago National
10%
Carlos Walker
7%
Santiago FC
7%
Metropolitano
5%
Deportivo Aleman
4%
Santiago National Juventus
4%
No se encontraron pruebas coincidentes
Distribución de puntuación
Porcentaje de gente con cada puntuación
Porcentaje por número respondido
Historial de tus puntuaciones
No has intentado esta prueba desde el último reinicio